• 首页
  • 本馆介绍
  • 公告通知
  • 最新文献
  • 馆藏检索
  • 电子资源
  • 读者导购
  • 参考咨询
  • 我的图书馆
  • 登录
  • 详细信息显示
  • 放入我的书架
  • 预约/预借图书
  • 作者相关作品
  • 分类相关作品
  • 丛书相关作品
  • 出版社相关作品

书目信息

  • 表格格式
  • 工作单格式
  • 卡片格式
题名:
彩画
    
 
作者: 高东方 编
分册:  
出版信息: 济南   山东美术出版社  1998
页数: 40页
开本: 26cm
丛书名: 金画笔
单 册:
中图分类: J218.9 , J215
科图分类:
主题词: 儿童画--色彩--技法(美术) , 儿童画 , 色彩 , 技法(美术)
电子资源:
ISBN: 7-5330-1096-5
000 00698oam2 2200277 450
001 1549769300
005 20150130135111.76
010    @a7-5330-1096-5@dCNY7.20
100    @a19981222d1998 bc y0chiy0110 ea
101 0  @achi
102    @aCN@b370000
105    @aa z 000yy
200 1  @a彩画@9cai hua@f高东方编
210    @a济南@c山东美术出版社@d1998
215    @a40页@d26cm
225 2  @a金画笔@e少儿美术丛书
461  0 @12001 @a金画笔
606 0  @a儿童画@x色彩@x技法(美术)
606 0  @a儿童画
606 0  @a色彩
606 0  @a技法(美术)
690    @aJ218.9@v5
690    @aJ215@v4
701  0 @a高东方@9gao dong fang@4编
801  0 @aCN@bTSSF@c20150130
905    @aZUCC@dJ215@eJY233
    
    彩画/高东方编.-济南:山东美术出版社,1998
    40页;26cm.-(金画笔:少儿美术丛书)
    
    
    ISBN 7-5330-1096-5:CNY7.20
    
●
相关链接 在E读中查询图书 在五车中查询图书 在当当中查询图书 在豆瓣中查询图书


正题名:彩画     索取号:J215/JY233         预约/预借

序号 登录号 条形码 馆藏地/架位号 状态 备注
1 7863499   278634998   学院路分馆/ [索取号:J215/JY233] 在馆    
2 7863500   278635005   学院路分馆/ [索取号:J215/JY233] 在馆    
3 7863501   278635014   学院路分馆/ [索取号:J215/JY233] 在馆    
4 7863511   278635112   学院路分馆/ [索取号:J215/JY233] 在馆    
唐山师范学院图书馆 欢迎您!
大连网信软件有限公司© 版权所有